[Event "Malta ol (Men)"]
[Site "La Valetta"]
[Date "1980.??.??"]
[Round "?"]
[White "Fernandez, A."]
[Black "Polugaevsky, Lev"]
[Result "1/2-1/2"]
[WhiteElo "2375"]
[BlackElo "2635"]

1.e4 c5 2.Nf3 e6 3.d4 cxd4 4.Nxd4 Nc6 5.Nc3 a6 6.Be2 d6 7.O-O Be7 8.Be3 Nf6
9.f4 O-O 10.Qe1 Qc7 11.Rd1 Bd7 12.Qg3 b5 13.a3 Nxd4 14.Bxd4 Bc6 15.Bd3 Qb7
16.e5 Nh5 17.Qh3 g6 18.g4 dxe5 19.fxe5 Ng7 20.Qe3 Rfd8 21.Ne4 Ne8 22.c3 Rac8
23.Rf3 Bf8 24.Rdf1 Rc7 25.h4 Rd5 26.h5 Bg7 27.Ng5 Rxd4 28.cxd4 Bxf3 29.Nxf3 Qb6
30.Qe4 Bh6 31.Kg2 Qc6 32.Qxc6 Rxc6 33.Be4 Rc4 34.Rd1 Nc7 35.Kf2 Nd5 36.Bxd5 Rc2+
37.Ke1 exd5 38.hxg6 hxg6 39.g5 Bf8 40.Rd2 Rc4 41.Ke2 Be7 42.Kd3 Rc1 43.Re2 Rc6
44.Re1 a5 45.Rg1 a4 46.Nd2 Kf8 47.Nb1 b4 48.axb4 Bxb4 49.Nc3 Bxc3 50.bxc3 Ke7
51.Rb1 Ra6 52.Rb7+ Ke6 53.Kc2 a3 54.Kb1 Rc6 55.Rb3 Kf5 56.Rxa3 Kxg5 57.Kc2 Kf5
58.Kd3 Ke6 59.Ra8 f6 60.exf6 Kxf6 61.Rd8 Ke6 62.Rg8 Kf7 63.Rd8 Ke6  1/2-1/2

[Event "Malta ol (Men)"]
[Site "La Valetta"]
[Date "1980.??.??"]
[Round "?"]
[White "Acosta, Alejandro"]
[Black "Vukadinov, Milan"]
[Result "1/2-1/2"]
[WhiteElo "2210"]
[BlackElo "2200"]

1.e4 c5 2.Nf3 e6 3.d4 cxd4 4.Nxd4 Nc6 5.Nc3 Qc7 6.Be2 a6 7.O-O Nf6 8.Be3 Bb4
9.Na4 O-O 10.Nxc6 bxc6 11.Nb6 Rb8 12.Nxc8 Rfxc8 13.Bxa6 Rd8 14.Bd3 Bd6 15.Kh1 Be5
16.c3 Rxb2 17.Qc1 Ng4 18.f4 Nxe3 19.Qxb2 Bxf4 20.Qf2 Nxf1 21.Rxf1 g5 22.g3 Qd6
23.Bc2 Be5 24.Qxf7+ Kh8  1/2-1/2

[Event "Malta ol (Women)"]
[Site "La Valetta"]
[Date "1980.??.??"]
[Round "?"]
[White "Khadilkar, Rohini"]
[Black "Alexandria, Nana"]
[Result "0-1"]
[WhiteElo "2095"]
[BlackElo "2335"]

1.e4 c5 2.Nf3 e6 3.d4 cxd4 4.Nxd4 Nc6 5.Nc3 Qc7 6.g3 a6 7.Bg2 Nf6 8.O-O d6
9.Re1 Bd7 10.Nxc6 bxc6 11.Na4 Rd8 12.c4 c5 13.Nc3 Bc8 14.Bf4 Nd7 15.Qe2 Ne5
16.Rad1 Be7 17.Bxe5 dxe5 18.Rxd8+ Bxd8 19.Rd1 O-O 20.Rd3 Bb7 21.Qd2 Bc6 22.Bf3 Qb8
23.b3 Ba5 24.Qe3 Bb4 25.Nb1 Rc8 26.h4 h6 27.Rd1 Qb6 28.Qd3 Qb7 29.Qe3 Qb6
30.Qd3 Qa5 31.Qd6 Qxa2 32.Bg4 Bxe4 33.Nd2 Bc2 34.Re1  0-1

[Event "Malta ol (Men)"]
[Site "La Valetta"]
[Date "1980.??.??"]
[Round "?"]
[White "Garcia, Gildardo"]
[Black "Sznapik, Aleksander"]
[Result "1-0"]
[WhiteElo "2440"]
[BlackElo "2460"]

1.e4 c5 2.Nf3 e6 3.d4 cxd4 4.Nxd4 Nc6 5.Nc3 a6 6.Be2 Nge7 7.Be3 b5 8.O-O Nxd4
9.Qxd4 Nc6 10.Qd2 Be7 11.Rad1 f6 12.a4 b4 13.Nd5 Rb8 14.Nxe7 Qxe7 15.Bf4 e5
16.Be3 O-O 17.Qd5+ Qe6 18.Qc5 Qe8 19.Bc4+ Kh8 20.Qd6 f5 21.exf5 Rxf5 22.Rfe1 Rf6
23.Qc5 Bb7 24.Rd6 Qg6 25.Rxd7 Ba8 26.Bd5 h6 27.Qc4 Qf5 28.Rc7 Nd4 29.Bxa8 Rxa8
30.Bxd4 exd4 31.Qxd4 Raf8 32.f3 Rg6 33.Qf2 Kh7 34.Rc4 Qd5 35.Rce4 Qc6 36.b3 Rf5
37.h4 Rc5 38.R1e2 Rd6 39.Kh2 Rd1 40.Qg3 Rxc2 41.Re7  1-0

[Event "Malta ol (Men)"]
[Site "La Valetta"]
[Date "1980.??.??"]
[Round "?"]
[White "Gruenfeld, Yehuda"]
[Black "Ferreira, Antonio"]
[Result "1-0"]
[WhiteElo "2455"]
[BlackElo "2240"]

1.e4 c5 2.Nf3 e6 3.d4 cxd4 4.Nxd4 Nc6 5.Nc3 Qc7 6.g3 a6 7.Bg2 Nf6 8.O-O d6
9.Re1 Bd7 10.Nxc6 bxc6 11.Na4 Be7 12.c4 Rb8 13.c5 dxc5 14.Qc2 O-O 15.Nxc5 Bc8
16.Nd3 Nd7 17.Bf4 e5 18.Be3 a5 19.Bh3 Nf6 20.Bxc8 Rfxc8 21.Bc5 Bxc5 22.Nxc5 Qb6
23.b3 Rd8 24.Rad1 Rxd1 25.Rxd1 Rd8 26.Rxd8+ Qxd8 27.Qc3 h5 28.Kg2 Qd1 29.Qxe5 Qc2
30.a4 h4 31.gxh4 Qd2 32.h3 Qd8 33.Qf5 Qd4 34.h5 Qd1 35.h6  1-0

[Event "Malta ol (Men)"]
[Site "La Valetta"]
[Date "1980.??.??"]
[Round "?"]
[White "Herzog, Adolf"]
[Black "Meetei, AB."]
[Result "0-1"]
[WhiteElo "2210"]
[BlackElo "2200"]

1.e4 c5 2.Nf3 e6 3.d4 cxd4 4.Nxd4 Nc6 5.Nc3 Qc7 6.Be2 a6 7.O-O Nf6 8.Be3 b5
9.Re1 Bb7 10.a3 Ne5 11.Bf4 Bc5 12.Bg3 O-O 13.Bf1 Be7 14.Nf3 d6 15.Nxe5 dxe5
16.Bd3 Rfd8 17.Qe2 Rd7 18.Nb1 Rdd8 19.Nd2 Nd7 20.Nf3 Bf6 21.h3 Nc5 22.Nh2 Bg5
23.Ng4 f6 24.Rad1 Rd4 25.f3 h5 26.Nf2 Rad8 27.Kh1 g6 28.Bh2 Kg7 29.Bg1 R4d6
30.Bh2 Na4 31.Rb1 R8d7 32.f4 exf4 33.e5 Rb6 34.exf6+ Bxf6 35.Ne4 Bxb2 36.Ng5 e5
37.Bg1 Rf6 38.c4 Bxa3 39.cxb5 Nc3 40.b6 Qd6 41.Qxe5 Qxe5 42.Rxe5 Rxd3 43.Rbe1 Rd7
44.Ne6+ Kg8 45.Nc5 Bxc5 46.Bxc5  0-1

[Event "Malta ol (Men)"]
[Site "La Valetta"]
[Date "1980.??.??"]
[Round "?"]
[White "Hoen, Ragnar"]
[Black "Defize, Alain"]
[Result "1/2-1/2"]
[WhiteElo "2395"]
[BlackElo "2200"]

1.e4 c5 2.Nf3 e6 3.d4 cxd4 4.Nxd4 Nc6 5.Nc3 a6 6.g3 Nge7 7.Bg2 Nxd4 8.Qxd4 Nc6
9.Qe3 Be7 10.O-O O-O 11.Rd1 Qc7 12.Qe2 d6 13.a4 Bd7 14.Be3 Na5 15.Bd4 Nc4
16.b3 Ne5 17.a5 Rac8 18.Ra3 Bf6 19.Qd2 Ng4 20.Ne2 Bxd4 21.Qxd4 Rfd8 22.c4 e5
23.Qd2 b5 24.axb6 Qxb6 25.Nc1 Ra8 26.Qa5 Qxa5 27.Rxa5 Bc6 28.Rd2 Nf6 29.f3 Ne8
30.Kf2 Kf8 31.Bh3 Ke7 32.Ke3 Nc7 33.Rda2 Rab8 34.Rd2  1/2-1/2

[Event "Malta ol (Women)"]
[Site "La Valetta"]
[Date "1980.??.??"]
[Round "?"]
[White "Liu Shilan"]
[Black "Fischdick, Gisela"]
[Result "0-1"]
[WhiteElo "2000"]
[BlackElo "2235"]

1.e4 c5 2.Nf3 e6 3.d4 cxd4 4.Nxd4 Nc6 5.Nc3 Qc7 6.Be2 a6 7.O-O Nf6 8.Kh1 Bb4
9.f3 O-O 10.Nxc6 dxc6 11.Be3 Bxc3 12.bxc3 e5 13.Qe1 Be6 14.Qh4 Qa5 15.Bg5 Nd7
16.Be7 Rfe8 17.Rab1 b5 18.f4 exf4 19.Rxf4 Ne5 20.Bh5 Qxc3 21.h3 Ng6 22.Bxg6 hxg6
23.Qg5 Ra7 24.Bd6 Bxa2 25.Rbf1 Rd7 26.e5 Bd5 27.Kh2 Qxc2 28.R1f2 Qd1 29.Rh4 a5
30.Rff4 b4 31.Rd4 Qe2 32.Rd2 Qe1 33.Rg4 Be6 34.Rg3 Qe4 35.Rf2 Qe1 36.Rd2 Qb1
37.Qe3 Rb7 38.Qc5 Rc8 39.Qxa5 Rb5 40.Qa6 Qc1 41.Rdd3 Qf4 42.Rf3 Qd4 43.Rb3 Rb6
44.Rbd3 Rxa6 45.Rxd4 c5 46.Rd1 b3 47.Rc3 c4 48.g4 Rca8 49.Rcc1 b2  0-1

[Event "Malta ol (Women)"]
[Site "La Valetta"]
[Date "1980.??.??"]
[Round "?"]
[White "Laitinen, Leena"]
[Black "Dragasevic Georgieva, Antonina"]
[Result "0-1"]
[WhiteElo "1900"]
[BlackElo "2140"]

1.e4 c5 2.Nf3 e6 3.d4 cxd4 4.Nxd4 Nc6 5.Nc3 Qc7 6.Be2 a6 7.O-O Nf6 8.a3 Be7
9.Be3 O-O 10.Qd2 d6 11.Rad1 Ne5 12.Nf3 b5 13.Nxe5 dxe5 14.Bg5 Rd8 15.Qe3 Bb7
16.Bd3 Rd7 17.Bxf6 Bxf6 18.Ne2 Be7 19.Ng3 g6 20.Rfe1 Rad8 21.Qe2 Qc6 22.Qg4 f5
23.Nxf5 exf5 24.exf5 e4  0-1

[Event "Malta ol (Women)"]
[Site "La Valetta"]
[Date "1980.??.??"]
[Round "?"]
[White "Belle, Erika"]
[Black "Savereide, Diane"]
[Result "1/2-1/2"]
[WhiteElo "2075"]
[BlackElo "2140"]

1.e4 c5 2.Nf3 e6 3.d4 cxd4 4.Nxd4 Nc6 5.Nc3 Qc7 6.Be3 a6 7.Qd2 b5 8.Nxc6 Qxc6
9.Be2 Bb7 10.Bf3 Rc8 11.Rd1 b4 12.Ne2 Nf6 13.c3 bxc3 14.bxc3 Qc7 15.Qd4 Bc5
16.Qxc5 Qxc5 17.Bxc5 Rxc5 18.Rb1 Rb5 19.Rxb5 axb5  1/2-1/2

[Event "Malta ol (Men)"]
[Site "La Valetta"]
[Date "1980.??.??"]
[Round "?"]
[White "Li Chen"]
[Black "Hansen, Curt"]
[Result "0-1"]
[WhiteElo "2270"]
[BlackElo "2200"]

1.e4 c5 2.Nf3 e6 3.d4 cxd4 4.Nxd4 Nc6 5.Nc3 a6 6.Be2 Nge7 7.Bf4 Ng6 8.Nxc6 bxc6
9.Bd6 Bxd6 10.Qxd6 Qe7 11.O-O-O Qxd6 12.Rxd6 Ke7 13.Rhd1 Nf4 14.R6d2 Nxg2
15.Na4 Nf4 16.Nb6 Ra7 17.Bf1 g5 18.c4 c5 19.a3 Ng6 20.b4 Ne5 21.Be2 Rb7 22.Rd6 Nc6
23.bxc5 Rc7 24.h4 h6 25.hxg5 hxg5 26.Na8 Ra7 27.Nb6 Rc7 28.Na8 Ra7 29.Nb6 Ne5
30.Rg1 Rc7 31.Na4 f6 32.f3 Bb7 33.Rd2 Rcc8 34.Nb6 Rcg8 35.Bd1 Bc6 36.Rgg2 Rh4
37.Rh2 Rxh2 38.Rxh2 Nd3+ 39.Kd2 Nxc5 40.Ke3 Kd6 41.Rb2 Kc7 42.f4 gxf4+ 43.Kxf4 Nd3+  0-1

[Event "Malta ol (Men)"]
[Site "La Valetta"]
[Date "1980.??.??"]
[Round "?"]
[White "Liew, Chee Meng Jimmy"]
[Black "Wheeler, Mark"]
[Result "1-0"]
[WhiteElo "2200"]
[BlackElo "2200"]

1.e4 c5 2.Nf3 e6 3.d4 cxd4 4.Nxd4 Nc6 5.Nc3 Qc7 6.Be2 a6 7.O-O Nf6 8.Be3 d6
9.f4 Be7 10.Kh1 Bd7 11.Qe1 O-O 12.Qg3 b5 13.Bd3 Kh8 14.a3 Na5 15.Rae1 Nc4
16.Bc1 Rab8 17.e5 Ne8 18.Qh3 g6 19.b3 Nb6 20.Bb2 d5 21.f5 gxf5 22.Nxf5 Bg5
23.Ne7 h6 24.Ng6+  1-0

[Event "Malta ol (Men)"]
[Site "La Valetta"]
[Date "1980.??.??"]
[Round "?"]
[White "Liu Wenzhe"]
[Black "Campos Lopez, Mario"]
[Result "0-1"]
[WhiteElo "2430"]
[BlackElo "2375"]

1.e4 c5 2.Nf3 e6 3.d4 cxd4 4.Nxd4 Nc6 5.Nc3 Qc7 6.Be3 a6 7.Be2 b5 8.O-O Bb7
9.Nb3 d6 10.f4 Nf6 11.f5 e5 12.Bf3 h6 13.Nd5 Nxd5 14.exd5 Ne7 15.Be4 Ng8
16.Qf3 Nf6 17.Nd2 Be7 18.Rfc1 O-O 19.c4 Rfc8 20.b3 Qd7 21.a4 Bd8 22.Bd3 bxc4
23.bxc4 a5 24.g4 Ba6 25.Be2 Nh7 26.Ne4 Rab8 27.Ra3 Rb2 28.Bf1 Qe7 29.Qg3 Nf6
30.Nf2 Bb6 31.Bxb6 Rxb6 32.Rd3 Nd7 33.Ne4 Nc5 34.Nxc5 Rxc5 35.Rb3 Rxb3 36.Qxb3 Qg5
37.Rc3 Qxg4+ 38.Rg3 Qd4+ 39.Kh1 Bxc4 40.Bxc4 Qxc4 41.Qb8+ Kh7 42.Qxd6 Qf1+  0-1

[Event "Malta ol (Men)"]
[Site "La Valetta"]
[Date "1980.??.??"]
[Round "?"]
[White "Meetei, AB."]
[Black "Franzoni, Giancarlo"]
[Result "1/2-1/2"]
[WhiteElo "2200"]
[BlackElo "2200"]

1.e4 c5 2.Nf3 e6 3.d4 cxd4 4.Nxd4 Nc6 5.Nc3 Qc7 6.Be2 a6 7.O-O Nf6 8.a4 Bb4
9.Qd3 O-O 10.Bg5 Bxc3 11.bxc3 Qe5 12.Bxf6 Qxf6 13.f4 d5 14.e5 Qe7 15.Rf3 f5
16.Kh1 Bd7 17.Nb3 Na7 18.Qe3 Rfc8 19.Qb6 Be8 20.Nd4 Nc6 21.Bd3 Nxd4 22.cxd4 Rc6
23.Qa5 b6 24.Qd2 Rcc8 25.Rh3 Bg6 26.Rb1 Qc7 27.Re3 b5 28.axb5 Rcb8 29.Ree1 axb5
30.Rxb5 Rxb5 31.Bxb5 Ra2 32.Bd3 Qb6 33.Qc3 Ra8 34.Kg1 Be8 35.Kf2 h6 36.Ke3 Bd7
37.Ra1 Rxa1 38.Qxa1 g5 39.g4 gxf4+ 40.Kxf4 Qd8 41.gxf5 Qg5+ 42.Kf3 Qh5+ 43.Kg3 Qg5+
44.Kf2 Qh4+ 45.Ke2 Qxh2+ 46.Ke3 exf5 47.Qa8+ Kg7 48.Qb7 f4+ 49.Kf3 Qg3+ 50.Ke2 Qg4+
51.Kd2 f3 52.Qxd5 f2 53.Ke3 Qg5+ 54.Kxf2 Qf4+ 55.Qf3 Qxd4+ 56.Qe3 Qh4+ 57.Qg3+ Qxg3+
58.Kxg3 Kf7 59.c4 h5 60.Kf4 h4 61.Bf1 Ke7 62.c5 Kf7 63.Be2 h3 64.Kg3 Bf5
65.Bc4+ Ke7 66.Bd5 Bc8 67.Bf3  1/2-1/2

[Event "Malta ol (Men)"]
[Site "La Valetta"]
[Date "1980.??.??"]
[Round "?"]
[White "Wedberg, Tom"]
[Black "Marjanovic, Slavoljub"]
[Result "1/2-1/2"]
[WhiteElo "2425"]
[BlackElo "2510"]

1.e4 c5 2.Nf3 e6 3.d4 cxd4 4.Nxd4 Nc6 5.Nc3 Qc7 6.g3 a6 7.Bg2 d6 8.O-O Bd7
9.Nxc6 bxc6 10.Na4 Rb8 11.c4 c5 12.Nc3 Be7 13.Qd3 Bf6 14.Rd1 Rb6 15.Bf4 Bd4
16.Rab1 Ne7 17.Ne2 e5 18.Nxd4 cxd4 19.Bd2 Rc6 20.b3 O-O 21.f4 g6 22.Rf1 f6
23.f5 Kg7 24.g4 h6 25.h4 Qc8 26.g5 gxf5 27.exf5 d5 28.Qg3 Kh7 29.cxd5 Rc2
30.Rbc1 Bxf5 31.d6 Ng6 32.h5 Nf4 33.g6+ Nxg6 34.hxg6+ Bxg6 35.d7 Qxd7 36.Rxc2 Bxc2
37.Qh4 Qg7 38.Kh1 Qg6 39.Bd5 f5 40.Qe7+ Qg7 41.Qc5 Bd3 42.Rg1 Qf6 43.Qc7+ Kh8
44.Bg5 hxg5 45.Rg2 Be4 46.Bxe4 Rf7 47.Qc8+ Rf8 48.Qd7 Qf7 49.Rh2+ Kg7 50.Qd6 Qf6
51.Qd7+ Qf7 52.Qd6 Qf6  1/2-1/2

[Event "Malta ol (Men)"]
[Site "La Valetta"]
[Date "1980.??.??"]
[Round "?"]
[White "Silva, Fernando"]
[Black "Fernandez, A."]
[Result "1/2-1/2"]
[WhiteElo "2380"]
[BlackElo "2375"]

1.e4 c5 2.Nf3 e6 3.d4 cxd4 4.Nxd4 Nc6 5.Nc3 a6 6.Be2 Nge7 7.Be3 Nxd4 8.Qxd4 b5
9.a3 Nc6 10.Qd3 Qc7 11.f4 d6 12.O-O Be7 13.Kh1 O-O 14.Rae1 Bb7 15.Rf3 b4
16.axb4 Nxb4 17.Qd2 d5 18.exd5 Rfd8 19.Bd4 Nxd5 20.Nxd5 Bxd5 21.Rg3 Bf6 22.Qc3 Qxc3
23.Bxc3 Bxc3 24.Rxc3 Be4 25.Rd1 Rxd1+ 26.Bxd1 Rd8 27.Bf3 Bxf3 28.gxf3 g6
29.Kg2 Kg7 30.Kg3 Kf6 31.Rc7 Rd2 32.b4 Rd1 33.c4 Rb1 34.Rb7 a5 35.b5 a4 36.c5 a3
37.b6 Rb5 38.Ra7 Rxc5 39.Rxa3 Rb5 40.Ra6 Rb4 41.h3 Rb2 42.Kg4 Kg7 43.Kg3 Kf6
44.Kg4 Rg2+ 45.Kh4 h6 46.b7 Rb2 47.Ra7 g5+ 48.Kg3 Kg6 49.fxg5 hxg5 50.h4 gxh4+
51.Kxh4 e5 52.Kg3 f6 53.Kg4 Rb4+ 54.Kg3 Rb2 55.Kg4 Rb4+ 56.Kg3 Kg5 57.Kf2 Rb3
58.Kg3 Rb2 59.Ra5 Kf5 60.Ra7 Rb3 61.Kf2 Kg5 62.Kg3 Rb1 63.Kf2 Rb2+ 64.Kg3 Kf5
65.Ra4 Rxb7 66.Kf2 Rb2+ 67.Ke3 Rb3+ 68.Ke2 Rc3 69.Rb4 Ra3 70.Rc4 Ke6 71.Rc6+ Kf7
72.Rc5 Kg6 73.Rb5 Kg5 74.Rc5 f5 75.Rxe5 Kf4 76.Rb5 Re3+ 77.Kf2 Rxf3+ 78.Kg2 Rd3
79.Kf2 Kg4 80.Rb8 Ra3 81.Rg8+ Kf4 82.Rb8 Ra2+ 83.Kf1 Kg4 84.Rb4+ f4 85.Rb3 Rh2
86.Ra3 Rh3 87.Rxh3 Kxh3 88.Kf2  1/2-1/2

[Event "Malta ol (Men)"]
[Site "La Valetta"]
[Date "1980.??.??"]
[Round "?"]
[White "Sinprayoon, Pricha"]
[Black "Fernandez, A."]
[Result "1-0"]
[WhiteElo "2200"]
[BlackElo "2375"]

1.e4 c5 2.Nf3 e6 3.d4 cxd4 4.Nxd4 Nc6 5.Nc3 a6 6.a3 Qc7 7.Be3 Nf6 8.f4 d5
9.e5 Nd7 10.Qd2 g6 11.Be2 b5 12.Nxc6 Qxc6 13.O-O Bb7 14.Bd3 Nb6 15.b3 b4
16.Ne2 bxa3 17.Nd4 Qc8 18.Qa5 Qc5 19.Rxa3 Nc4 20.Bxc4 dxc4 21.Qa4+ Bc6 22.Nxc6 Qxe3+
23.Kh1 Be7 24.Nxe7+ Kxe7 25.Qb4+ Ke8 26.Rd1 Rd8 27.Rxd8+ Kxd8 28.Ra1 cxb3
29.Qd6+ Kc8 30.Qxa6+ Kc7 31.Qd6+ Kb7 32.Qd7+ Kb8 33.Qc6  1-0

[Event "Malta ol (Men)"]
[Site "La Valetta"]
[Date "1980.??.??"]
[Round "?"]
[White "Small, Vernon A"]
[Black "Slimani, Abdelhamid"]
[Result "1/2-1/2"]
[WhiteElo "2365"]
[BlackElo "2200"]

1.e4 c5 2.Nf3 e6 3.d4 cxd4 4.Nxd4 Nc6 5.Nc3 a6 6.Be3 d6 7.f4 Nf6 8.Qf3 Be7
9.O-O-O Qc7 10.Nb3 Bd7 11.g4 Rc8 12.g5 Ng8 13.Rd2 b5 14.Qf2 h6 15.gxh6 Nxh6
16.Rg1 g6 17.Be2 Ng8 18.Rgd1 Rb8 19.Bf3 Na5 20.Nxa5 Qxa5 21.Kb1 Bc6 22.Ne2 Qc7
23.Ng3 Qb7 24.Bh1 Rh7 25.Bd4 a5 26.Qe2 Rd8 27.b3 a4 28.Bb2 axb3 29.cxb3 Ra8
30.Rc1 Qa6 31.Ba1 Rh4 32.Rdc2 Bb7 33.Qe3 Nf6 34.Bf3 Ng4 35.Bxg4 Rxg4 36.e5 d5
37.Bd4 Rh4 38.Qf2 b4 39.Qd2 Rc8 40.Rxc8+ Bxc8 41.Bc5 Bxc5 42.Rxc5 Bd7 43.Rc2 Qb6
44.a3 bxa3 45.Ka2 Rh8 46.Qc1 Kf8 47.Rg2 Kg7 48.Qc2 Qb4 49.f5 exf5 50.Nxf5+ Bxf5
51.Qxf5 Rb8 52.Qd3 d4 53.e6 f5 54.Qg3 Kf8 55.Re2 Rb7 56.Rc2 Ke7 57.Qg5+ Kd6
58.Qd8+ Kxe6 59.Qe8+ Kd5 60.Qc6+ Ke5 61.Re2+ Kf4 62.Rf2+ Ke5 63.Re2+  1/2-1/2

[Event "Malta ol (Men)"]
[Site "La Valetta"]
[Date "1980.??.??"]
[Round "?"]
[White "Stoica, Valentin"]
[Black "Assem, Magdy"]
[Result "1-0"]
[WhiteElo "2435"]
[BlackElo "2200"]

1.e4 c5 2.Nf3 e6 3.d4 cxd4 4.Nxd4 Nc6 5.Nc3 Qc7 6.Be3 a6 7.Bd3 Nf6 8.Nb3 b5
9.O-O Ne5 10.h3 d6 11.f4 Ned7 12.g4 Bb7 13.a3 Nc5 14.Nd2 d5 15.e5 Nfe4 16.Ndxe4 dxe4
17.Be2 Rd8 18.Qe1 Be7 19.Qf2 O-O 20.Rfd1 h6 21.Bf1 Rxd1 22.Rxd1 f6 23.exf6 Rxf6
24.Bg2 g5 25.f5 exf5 26.gxf5 Rf8 27.Nd5 Bxd5 28.Rxd5 Nd7 29.Bd4 Nf6 30.Bxf6 Bxf6
31.Bxe4 Qc4 32.Qf3 Re8 33.Bd3 Qh4 34.Kg2 Qe1 35.Rd6 Kg7 36.Rxa6 Re7 37.b3 h5
38.Qf2 Qc3 39.Ra7 Rxa7 40.Qxa7+ Kh6 41.Qe3 h4 42.Qf3 Qd2+ 43.Qf2 Qc3 44.Bxb5 Bd4
45.Qf3 Qxc2+ 46.Be2 Kg7 47.Qd3 Qc6+ 48.Bf3 Qd6 49.Be4 Qe5 50.b4 Bb6 51.Kf1 Kf6
52.Ke2 Qh2+ 53.Kd1 Qg1+ 54.Kc2 Bd4 55.Kb3 Ke5 56.Bf3 Qe1 57.f6  1-0

[Event "Malta ol (Men)"]
[Site "La Valetta"]
[Date "1980.??.??"]
[Round "?"]
[White "Sznapik, Aleksander"]
[Black "Meulders, Richard"]
[Result "1-0"]
[WhiteElo "2460"]
[BlackElo "2230"]

1.e4 c5 2.Nf3 e6 3.d4 cxd4 4.Nxd4 Nc6 5.Nc3 Qc7 6.Be3 a6 7.Bd3 Nf6 8.Qe2 d6
9.O-O Be7 10.Kh1 O-O 11.Rae1 Nxd4 12.Bxd4 e5 13.Be3 Be6 14.f4 Rac8 15.f5 Bc4
16.Bg5 h6 17.Bxf6 Bxf6 18.Qg4 Qa5 19.Rd1 Qd8 20.Rf3 Kh7 21.Rg3 Rg8 22.Qe2 b5
23.Bxc4 Rxc4 24.Nd5 Bg5 25.c3 g6 26.fxg6+ Rxg6 27.Rf1 Kg7 28.Rgf3 Qe8 29.Rf5 Qe6
30.Qf3 f6 31.g3 a5 32.h4 Bxh4 33.b3 Rxg3 34.Rg1 Rxg1+ 35.Kxg1 Rc5 36.Qg4+ Bg5
37.Rxg5+  1-0

[Event "Malta ol (Men)"]
[Site "La Valetta"]
[Date "1980.??.??"]
[Round "?"]
[White "Tringov, Georgi P"]
[Black "Polugaevsky, Lev"]
[Result "1/2-1/2"]
[WhiteElo "2455"]
[BlackElo "2635"]

1.e4 c5 2.Nf3 e6 3.d4 cxd4 4.Nxd4 Nc6 5.Nc3 d6 6.g3 Nf6 7.Bg2 Bd7 8.Nb3 a6
9.a4 Be7 10.O-O O-O 11.f4 b5 12.axb5 Qb6+ 13.Rf2 axb5 14.Rxa8 Rxa8 15.e5 Ne8
16.Qf3 Rd8 17.Be3 Qb8 18.Nd4 Rc8 19.Ne4 dxe5 20.Nxc6 Bxc6 21.fxe5 f5 22.exf6 Nxf6
23.Nxf6+ Bxf6 24.Qg4 Qe5 25.Bxc6 Rxc6 26.Qf3 Qd5 27.Qxd5 exd5 28.c3  1/2-1/2

[Event "Malta ol (Men)"]
[Site "La Valetta"]
[Date "1980.??.??"]
[Round "?"]
[White "Voitsekhovsky, Stanislav"]
[Black "Martidis, Alkis"]
[Result "0-1"]
[WhiteElo "2200"]
[BlackElo "2200"]

1.e4 c5 2.Nf3 e6 3.d4 cxd4 4.Nxd4 Nc6 5.Nc3 Qc7 6.Be3 a6 7.f4 b5 8.Be2 Bb7
9.Bf3 Rc8 10.Nb3 d6 11.O-O Nf6 12.Qe1 Be7 13.Qg3 O-O 14.f5 Kh8 15.Qh3 exf5
16.exf5 Ne5 17.Bxb7 Qxb7 18.Rae1 b4 19.Nd1 Rxc2 20.Nd4 Rc4 21.b3 Rcc8 22.Nf3 Nxf3+
23.Rxf3 Ne4 24.Qg4 d5 25.Rh3 Bc5 26.Qh4 h6 27.g4 f6 28.Nf2 Bxe3 29.Rhxe3 Rc2
30.Nxe4 dxe4 31.Rxe4 Rxa2 32.Qg3 Qb6+ 33.Qe3 Qxe3+ 34.R4xe3 Rc8 35.Re8+ Rxe8
36.Rxe8+ Kh7 37.Ra8 h5 38.gxh5 a5 39.Ra7 Ra3 40.Kf2 Kh6 41.Ke2 Kxh5 42.Rxg7 Rxb3
43.Rg6 a4 44.Rxf6 a3 45.Ra6 Rb2+ 46.Kd3 a2 47.h4 Rb3+  0-1

[Event "Malta ol (Men)"]
[Site "La Valetta"]
[Date "1980.??.??"]
[Round "?"]
[White "Wedberg, Tom"]
[Black "Johansen, Darryl K"]
[Result "1-0"]
[WhiteElo "2425"]
[BlackElo "2200"]

1.e4 c5 2.Nf3 e6 3.d4 cxd4 4.Nxd4 Nc6 5.Nc3 a6 6.g3 Nge7 7.Nb3 Na5 8.Bf4 Nec6
9.Qd2 Be7 10.Bd6 b6 11.Nxa5 Nxa5 12.Bxe7 Qxe7 13.Qd4 O-O 14.Qxb6 Nc6 15.Qe3 Rb8
16.Rb1 f5 17.Bg2 fxe4 18.Nxe4 d5 19.Nd2 d4 20.Qe2 d3 21.cxd3 Nd4 22.Qd1 Bb7
23.O-O Bxg2 24.Kxg2 Qb7+ 25.Ne4 Rf3 26.Qd2 Qb5 27.Rbd1 Rbf8 28.Qc3 Qd7 29.Rd2 e5
30.Qc4+ Kh8 31.Qxa6 Qf5 32.Re1 h5 33.h4 Ne6 34.Qd6 Qg4 35.Qxe5 Nf4+ 36.Kg1 Rf5
37.Qe8+ Kh7 38.Qc6 Qh3  1-0

[Event "NLD-ch"]
[Site "Leeuwarden"]
[Date "1980.??.??"]
[Round "9"]
[White "Van der Wiel, John TH"]
[Black "Ree, Hans"]
[Result "1/2-1/2"]
[WhiteElo "2465"]
[BlackElo "2520"]

1.e4 c5 2.Nf3 e6 3.d4 cxd4 4.Nxd4 Nc6 5.Nc3 d6 6.Be2 Nf6 7.Be3 Be7 8.O-O O-O
9.f4 a6 10.Qe1 Bd7 11.Qg3 b5 12.e5 dxe5 13.fxe5 Nxd4 14.Bxd4 Bc6 15.Be3 Ne4
16.Nxe4 Bxe4 17.Bf3 Bxf3 18.Rxf3 f5 19.exf6 Rxf6 20.Raf1 Rc8 21.c3 Rxf3 22.Qxf3 Bf6
23.Qb7 Ra8 24.Qe4 Qd5 25.Qxd5 exd5 26.Rd1 Rd8 27.Bd4 Bxd4+ 28.Rxd4 Kf7 29.Kf2 Ke6
30.Ke3 Rd7 31.Rf4 Rd8 32.a4 bxa4 33.Rxa4 Rd6 34.Rb4 Ke5 35.Rh4 h6 36.Rb4 Rg6
37.g3 Rf6 38.Rb7 g5 39.b4 Rc6 40.Kd3 Rf6 41.Re7+ Kd6 42.Re2 h5 43.Kd4 Rf1
44.Ra2 Rd1+ 45.Ke3 Ke5 46.Rxa6 Re1+ 47.Kd3 Rd1+ 48.Kc2 Rh1 49.b5 Rxh2+ 50.Kb3 h4
51.gxh4 gxh4 52.Rh6 Rh1 53.Kb4 d4 54.cxd4+ Kxd4 55.b6 h3 56.Kb5 h2 57.b7 Rb1+
58.Kc6 Rc1+ 59.Kd6 Rb1 60.Rh4+ Ke3 61.Kc6 Rc1+ 62.Kd5 Rb1  1/2-1/2

[Event "NLD-ch"]
[Site "Leeuwarden"]
[Date "1980.??.??"]
[Round "10"]
[White "Van der Wiel, John TH"]
[Black "Langeweg, Kick"]
[Result "1-0"]
[WhiteElo "2465"]
[BlackElo "2425"]

1.e4 c5 2.Nf3 e6 3.d4 cxd4 4.Nxd4 Nc6 5.Nc3 d6 6.Be2 Nf6 7.O-O Be7 8.Be3 O-O
9.f4 e5 10.Nb3 exf4 11.Bxf4 Be6 12.Kh1 d5 13.e5 Nd7 14.Nxd5 Ndxe5 15.Nxe7+ Qxe7
16.Rf2 Rad8 17.Qf1 Rd5 18.h3 Qh4 19.Bh2 Rdd8 20.Nc5 Bc8 21.Nd3 Nxd3 22.Bxd3 Be6
23.Rf4 Qg5 24.Re1 Qa5 25.a3 Ne7 26.Rb4 Rd7 27.Bg1 a6 28.Rxe6  1-0

[Event "DSV-Turnier"]
[Site "Leipzig"]
[Date "1980.??.??"]
[Round "7"]
[White "Gufeld, Eduard"]
[Black "Vilela, Jose Luis"]
[Result "1-0"]
[WhiteElo "2510"]
[BlackElo "2410"]

1.e4 c5 2.Nf3 e6 3.d4 cxd4 4.Nxd4 Nc6 5.Nc3 a6 6.Be2 d6 7.Be3 Nf6 8.O-O Be7
9.f4 O-O 10.Qe1 Nxd4 11.Bxd4 b5 12.Rd1 Bb7 13.Bf3 Qc7 14.e5 dxe5 15.fxe5 Nd7
16.Bxb7 Qxb7 17.Ne4 Rac8 18.c3 Rcd8 19.Qe3 b4 20.Rd2 bxc3 21.bxc3 Qb5 22.Qg3 Rb8
23.Rdf2 g6 24.Qf4 Qd5 25.Re2 Rb5 26.h3 Ra5 27.Qh6 Rb8 28.Ref2 Bf8 29.Qh4 f5
30.exf6 e5 31.f7+ Kh8 32.Nf6 Nxf6 33.Qxf6+ Bg7 34.Qe7 Rf8 35.Be3 Rb5 36.Bg5 Rb7
37.Qxf8+  1-0

[Event "Makarczyk mem"]
[Site "Lodz"]
[Date "1980.??.??"]
[Round "6"]
[White "Rogulj, Branko"]
[Black "Kirov, Nino"]
[Result "0-1"]
[WhiteElo "2460"]
[BlackElo "2455"]

1.e4 c5 2.Nf3 Nc6 3.d4 cxd4 4.Nxd4 e6 5.Nc3 a6 6.Nxc6 bxc6 7.e5 Qc7 8.Bf4 Ne7
9.Bd3 Ng6 10.Bxg6 hxg6 11.Qd2 Rb8 12.O-O Rxb2 13.Rab1 Rb4 14.a3 Rxb1 15.Rxb1 Bxa3
16.Ne4 Be7 17.Nd6+ Bxd6 18.exd6 Qd8 19.g4 a5 20.Bg5 f6 21.Be3 Kf7 22.Rb8 g5
23.f3 e5 24.c4 e4 25.f4 gxf4 26.Bxf4 g5 27.Bg3 a4 28.c5 Qe8 29.Ra8 e3 30.Qa2+ Kg7
31.Rxa4 e2 32.Qd2 Qe6 33.Kf2 Re8 34.Ke1 Qb3 35.Rb4 Qf3  0-1

[Event "Lone Pine"]
[Site "Lone Pine"]
[Date "1980.??.??"]
[Round "3"]
[White "Torre, Eugenio"]
[Black "Benjamin, Joel"]
[Result "1-0"]
[WhiteElo "2520"]
[BlackElo "2350"]

1.e4 c5 2.Nf3 e6 3.d4 cxd4 4.Nxd4 Nc6 5.Nc3 a6 6.Be2 Nge7 7.Bf4 d6 8.Bg3 b5
9.a3 Bb7 10.O-O Nc8 11.Kh1 Be7 12.f4 O-O 13.f5 Nxd4 14.Qxd4 Bf6 15.Qd3 Qe7
16.Bg4 Rd8 17.fxe6 fxe6 18.Rad1 Qe8 19.Qe3 Kh8 20.e5 dxe5 21.Rxd8 Qxd8 22.Bxe5 Bxe5
23.Qxe5 Qe7 24.Qxe6 Qxe6 25.Bxe6 Nd6 26.Rd1 Ne4 27.Nxe4 Bxe4 28.c3 g6 29.Kg1 Re8
30.Rd6 Bb7 31.g4 g5 32.Kf2 Rf8+ 33.Ke2 a5 34.Bf5 Bc8 35.Bxc8 Rxc8 36.Rd5 b4
37.Kd3 bxa3 38.bxa3 h6 39.c4 a4 40.Rd7 Rb8 41.c5 Rb1 42.c6  1-0

[Event "Lone Pine"]
[Site "Lone Pine"]
[Date "1980.??.??"]
[Round "9"]
[White "Balashov, Yuri S"]
[Black "Larsen, Bent"]
[Result "1/2-1/2"]
[WhiteElo "2600"]
[BlackElo "2585"]

1.e4 c5 2.Nf3 e6 3.Nc3 Nc6 4.d4 cxd4 5.Nxd4 d6 6.Be2 Nf6 7.O-O Be7 8.Be3 O-O
9.f4 Bd7 10.Nb3 Qc7 11.Bf3 Rfd8 12.Qe1 Be8 13.Kh1 Nd7 14.Nb5 Qb8 15.c4 Nc5
16.Qf2 a6 17.Nc3 Qc7 18.Rfd1 b6 19.Rac1 Rab8 20.Nd4 Bf6 21.g3 h6 22.Kg2 Nb4
23.Qe2 Rbc8 24.h4 Qb8 25.Bf2 Nc6 26.Nxc6 Bxc6 27.b4 Na4 28.Nxa4 Bxa4 29.Rd2 a5
30.a3 axb4 31.axb4 b5 32.c5 dxc5 33.e5 Be7 34.Rxd8+ Rxd8 35.Bxc5 Bxc5 36.bxc5 Bb3
37.c6 Bc4 38.Qf2 Qc7 39.Ra1 Bd5 40.Qc5 Bxf3+ 41.Kxf3 Rd5 42.Ra7 Rxc5 43.Rxc7 h5
44.Ke4 b4 45.Kd4 Rc3 46.Rb7 Rxc6 47.Rxb4 Kh7 48.Rb3 Kh6 49.Ke4 Rc7 50.Ra3 Rb7
51.Rc3 Ra7 52.Rb3 Kg6 53.Rc3 f6 54.exf6 gxf6 55.Rb3 Ra4+ 56.Kf3 Kf5 57.Rc3 e5
58.fxe5 fxe5 59.Rb3 Ra5 60.Re3 Rb5 61.Ra3 e4+ 62.Ke3 Rd5 63.Rb3 Ke5 64.Ra3 Rb5
65.Rc3 Ra5 66.Rb3 Kf5 67.Rc3 Rd5 68.Ra3 Ke5  1/2-1/2